[Event "Olimpiade 2024 - Donne"]
[Site "Budapest"]
[Date "20.09.2024"]
[Round "9.30"]
[Board "1"]
[White "Medic, Mirjana"]
[Black "Vargas, Gabriela"]
[Result "0-1"]
[WhiteTitle "WGM"]
[BlackTitle "WIM"]
[WhiteElo "2101"]
[BlackElo "2109"]
[WhiteTeam "Croatia"]
[BlackTeam "Paraguay"]
[WhiteFideId "14501619"]
[BlackFideId "3700860"]
[EventDate "2024.09.11"]

1. d4 d5 2. c4 e6 3. Nf3 a6 4. cxd5 exd5 5. Nc3 c6 6. Qc2 Nf6 7. Bg5 Be7 8. e3
h6 9. Bh4 O-O 10. Bd3 Re8 11. O-O Ne4 12. Bxe7 Qxe7 13. Bxe4 dxe4 14. Nd2 Bf5
15. Rfe1 Nd7 16. f3 Nf6 17. Rac1 Rad8 18. Ndxe4 Nxe4 19. fxe4 Bxe4 20. Nxe4 Qxe4
21. Qxe4 Rxe4 22. Kf2 Rd5 23. Kf3 f5 24. Re2 g5 25. g3 Kf7 26. Rc4 g4+ 27. Kf2
Ke6 28. Rec2 Kd6 29. Rc5 Re8 30. Ke2 h5 31. Kd3 Rh8 32. Rf2 Rxc5 33. dxc5+ Ke5
34. Rf4 Rd8+ 35. Kc2 h4 36. b4 hxg3 37. hxg3 Rh8 38. e4 fxe4 39. Rxg4 Kd4 40.
Rh4 Rf8 41. Rh2 Rf3 42. Rg2 e3 43. Kd1 Rf1+ 44. Ke2 Rb1 45. g4 Rb2+ 46. Kf3 Rxg2
47. Kxg2 0-1

[Event "Olimpiade 2024 - Donne"]
[Site "Budapest"]
[Date "20.09.2024"]
[Round "9.30"]
[Board "2"]
[White "Montiel Caceres, Helen"]
[Black "Berke, Ana"]
[Result "0-1"]
[WhiteTitle "WCM"]
[BlackTitle "WIM"]
[WhiteElo "1864"]
[BlackElo "2093"]
[WhiteTeam "Paraguay"]
[BlackTeam "Croatia"]
[WhiteFideId "3707121"]
[BlackFideId "14510359"]
[EventDate "2024.09.11"]

1. d4 Nf6 2. Bf4 e6 3. e3 d5 4. Nf3 c5 5. c3 Bd6 6. Nbd2 Qc7 7. Bxd6 Qxd6 8. Ne5
Nfd7 9. f4 g6 10. Qg4 f6 11. dxc5 Nxe5 12. fxe5 Qxe5 13. Qd4 O-O 14. Nf3 Qc7 15.
Rc1 Nd7 16. c4 Nxc5 17. Be2 Qa5+ 18. Nd2 e5 19. Qc3 Qxc3 20. Rxc3 d4 21. exd4
exd4 22. Rg3 a5 23. O-O Ra6 24. Rf4 Rd6 25. b3 Re8 26. Bf3 Re1+ 27. Kf2 Nd3# 0-1

[Event "Olimpiade 2024 - Donne"]
[Site "Budapest"]
[Date "20.09.2024"]
[Round "9.30"]
[Board "3"]
[White "Ivekovic, Tihana"]
[Black "Oviedo Acosta, Paula"]
[Result "1/2-1/2"]
[WhiteTitle "WFM"]
[BlackTitle "WCM"]
[WhiteElo "2143"]
[BlackElo "1790"]
[WhiteTeam "Croatia"]
[BlackTeam "Paraguay"]
[WhiteFideId "14517825"]
[BlackFideId "3704394"]
[EventDate "2024.09.11"]

1. d4 Nf6 2. c4 e6 3. g3 Bb4+ 4. Nd2 c5 5. a3 Bxd2+ 6. Qxd2 cxd4 7. Nf3 b6 8.
Bg2 Bb7 9. Qxd4 O-O 10. O-O Qe7 11. b4 d5 12. cxd5 Bxd5 13. Bb2 Nbd7 14. Rac1
Rac8 15. Qh4 Rfd8 16. Nd4 Bxg2 17. Kxg2 Ne5 18. Kg1 Nc4 19. Nc6 Rxc6 20. Rxc4
Rxc4 21. Qxc4 Ne8 22. b5 Qg5 23. a4 h5 24. h4 Qf5 25. Qc6 Qg4 26. e4 Nf6 27.
Bxf6 gxf6 28. Qc7 Rd3 29. Qxa7 Rxg3+ 30. fxg3 Qxg3+ 31. Kh1 1/2-1/2

[Event "Olimpiade 2024 - Donne"]
[Site "Budapest"]
[Date "20.09.2024"]
[Round "9.30"]
[Board "4"]
[White "Mayeregger Gonzalez, Fiorella Allegra"]
[Black "Vujnovic, Patricija"]
[Result "1/2-1/2"]
[BlackTitle "WFM"]
[WhiteElo "1796"]
[BlackElo "2134"]
[WhiteTeam "Paraguay"]
[BlackTeam "Croatia"]
[WhiteFideId "3708845"]
[BlackFideId "14502313"]
[EventDate "2024.09.11"]

1. e4 c6 2. d4 d5 3. Nc3 dxe4 4. Nxe4 Nf6 5. Nxf6+ exf6 6. Be3 Bd6 7. Bd3 Nd7 8.
Ne2 O-O 9. O-O Re8 10. c4 Nf8 11. Qc2 Ng6 12. Rfe1 Bc7 13. h3 Be6 14. Rad1 Qd7
15. d5 Bxh3 16. Bxg6 hxg6 17. gxh3 Qxh3 18. d6 Ba5 19. Bd2 Rxe2 20. Rxe2 Qg4+
21. Kf1 Qh3+ 22. Kg1 Qg4+ 23. Kf1 Qh3+ 24. Kg1 Qg4+ 25. Kf1 Qh3+ 1/2-1/2

[Event "Olimpiade 2024 - Donne"]
[Site "Budapest"]
[Date "20.09.2024"]
[Round "9.31"]
[Board "1"]
[White "Smith, Olivia"]
[Black "Argote Heredia, Valentina"]
[Result "1/2-1/2"]
[WhiteTitle "WFM"]
[BlackTitle "WIM"]
[WhiteElo "2087"]
[BlackElo "2144"]
[WhiteTeam "Wales"]
[BlackTeam "Colombia"]
[WhiteFideId "411850"]
[BlackFideId "4431022"]
[EventDate "2024.09.11"]

1. e4 c5 2. Nc3 Nc6 3. Bb5 Nd4 4. Nf3 a6 5. Bd3 d6 6. Nxd4 cxd4 7. Ne2 Qb6 8. c3
dxc3 9. dxc3 Nf6 10. Be3 Qc7 11. h3 e6 12. a4 Be7 13. a5 O-O 14. O-O Bd7 15. f4
d5 16. e5 Ne4 17. Nd4 f5 18. exf6 Bxf6 19. Nf3 Bc6 20. Qc2 e5 21. Bb6 Qe7 22.
fxe5 Bxe5 23. Nxe5 Qxe5 24. Rae1 Qg3 25. Re3 Rxf1+ 26. Bxf1 Qg5 27. Rf3 Re8 28.
Be3 Qd8 29. Bd4 Qxa5 30. Qc1 Qc7 31. Bd3 Rf8 32. Qf1 Rxf3 33. Qxf3 Qf7 34. Qg4
Qd7 35. Qf4 h6 36. Qb8+ Kh7 37. Qe5 Kg8 38. Qb8+ Qe8 39. Qc7 Qd7 40. Qb8+ Qe8
41. Qc7 Qd7 42. Qb8+ 1/2-1/2

[Event "Olimpiade 2024 - Donne"]
[Site "Budapest"]
[Date "20.09.2024"]
[Round "9.31"]
[Board "2"]
[White "Chirivi C, Jenny Astrid"]
[Black "Camp, Imogen A L"]
[Result "1-0"]
[WhiteTitle "WIM"]
[BlackTitle "WCM"]
[WhiteElo "2120"]
[BlackElo "1923"]
[WhiteTeam "Colombia"]
[BlackTeam "Wales"]
[WhiteFideId "4403061"]
[BlackFideId "1802240"]
[EventDate "2024.09.11"]

1. d4 Nf6 2. c4 g6 3. Nc3 Bg7 4. e4 d6 5. f3 O-O 6. Be3 c5 7. dxc5 dxc5 8. Qxd8
Rxd8 9. Bxc5 Nc6 10. Nd5 e6 11. Ne7+ Nxe7 12. Bxe7 Rd7 13. Ba3 b6 14. Rb1 Bh6
15. Bb4 Ba6 16. Be2 Rad8 17. b3 Be3 18. Nh3 g5 19. Nf2 Bd4 20. Rd1 Kg7 21. Rxd4
Rxd4 22. Bc3 Bb7 23. Bxd4 Rxd4 24. Nd3 Nd7 25. Kf2 f5 26. exf5 exf5 27. Rd1 Kf6
28. Ke3 Rd6 29. Nb4 Re6+ 30. Kf2 Nc5 31. Rd8 a5 32. Nd3 Bc6 33. Rf8+ Kg6 34.
Nxc5 bxc5 35. Bd3 Rf6 36. Rg8+ Kh5 37. Rg7 Rd6 38. Bxf5 h6 39. Kg3 1-0

[Event "Olimpiade 2024 - Donne"]
[Site "Budapest"]
[Date "20.09.2024"]
[Round "9.31"]
[Board "3"]
[White "Chong, Kimberly"]
[Black "Mogollon Tobar, Nicolle Julieth"]
[Result "1/2-1/2"]
[BlackTitle "WFM"]
[WhiteElo "1779"]
[BlackElo "2045"]
[WhiteTeam "Wales"]
[BlackTeam "Colombia"]
[WhiteFideId "1804723"]
[BlackFideId "4452194"]
[EventDate "2024.09.11"]

1. e4 e6 2. d4 d5 3. exd5 exd5 4. c4 Nf6 5. Nc3 Bb4 6. Nf3 O-O 7. Bg5 Bg4 8. Be2
dxc4 9. O-O h6 10. Bxf6 Qxf6 11. Nd5 Qd6 12. Ne3 Bh5 13. a3 Ba5 14. Nxc4 Qd5 15.
Ne3 Qd8 16. Qb3 Bb6 17. Rfd1 Nc6 18. Nc4 Bxf3 19. Bxf3 Nxd4 20. Qc3 Qf6 21. Nxb6
Nxf3+ 22. Qxf3 Qxb6 23. b4 Rad8 24. Re1 Rd6 25. Re7 Rf6 26. Qg3 c6 27. Rd1 Rd8
28. Red7 Re8 29. h3 a6 30. R1d4 Qb5 31. Rd8 Qe2 32. Rxe8+ Qxe8 33. Qd3 Qe1+ 34.
Kh2 g6 35. Re4 Qxf2 36. Re8+ Kg7 37. Qd8 h5 38. Rh8 Qf4+ 39. Kh1 Rd6 40. Rg8+
Kh7 1/2-1/2

[Event "Olimpiade 2024 - Donne"]
[Site "Budapest"]
[Date "20.09.2024"]
[Round "9.31"]
[Board "4"]
[White "Lopez Rayo, Isabella"]
[Black "Kong, Emma Zihan"]
[Result "1-0"]
[WhiteTitle "WCM"]
[WhiteElo "1952"]
[BlackElo "1747"]
[WhiteTeam "Colombia"]
[BlackTeam "Wales"]
[WhiteFideId "4452755"]
[BlackFideId "1805940"]
[EventDate "2024.09.11"]

1. e4 c5 2. Nf3 d6 3. d4 cxd4 4. Nxd4 Nf6 5. Nc3 g6 6. Be3 Nc6 7. f3 e5 8. Nb3
Be6 9. Qd2 d5 10. exd5 Nxd5 11. Nxd5 Qxd5 12. Qxd5 Bxd5 13. O-O-O O-O-O 14. Nc5
f5 15. c4 Bf7 16. Rxd8+ Nxd8 17. g4 Bxc5 18. Bxc5 fxg4 19. fxg4 Nc6 20. b3 b6
21. Be3 Rd8 22. Bg2 Nb4 23. Be4 Nxa2+ 24. Kb2 Nb4 25. Ra1 Nd3+ 26. Kc2 Nc5 27.
Rxa7 Nxe4 28. Rxf7 Nc5 29. Rxh7 Nxb3 30. Bxb6 Nd4+ 31. Kd3 Rf8 32. Bxd4 exd4 33.
h3 Rf4 34. Rh6 g5 35. Rh5 Kc7 36. Rxg5 Rf3+ 37. Kxd4 Rxh3 38. Kc5 Rh6 39. Rg7+
Kc8 40. g5 Re6 41. Kd5 Ra6 42. c5 1-0

[Event "Olimpiade 2024 - Donne"]
[Site "Budapest"]
[Date "20.09.2024"]
[Round "9.32"]
[Board "1"]
[White "Miller, Rachel"]
[Black "Zhang, Jilin"]
[Result "0-1"]
[WhiteTitle "CM"]
[BlackTitle "WGM"]
[WhiteElo "1912"]
[BlackElo "2155"]
[WhiteTeam "Jamaica"]
[BlackTeam "Australia"]
[WhiteFideId "7401302"]
[BlackFideId "8602867"]
[EventDate "2024.09.11"]

1. e4 c5 2. Nf3 e6 3. g3 Nc6 4. Bg2 Nf6 5. Qe2 d5 6. exd5 Nxd5 7. O-O Be7 8. Rd1
Qb6 9. c3 O-O 10. d4 cxd4 11. Nxd4 Nxd4 12. Rxd4 Bf6 13. Rd1 Rd8 14. Na3 Bd7 15.
c4 Ne7 16. Rb1 Nf5 17. Nc2 Bc6 18. Bxc6 Rxd1+ 19. Qxd1 Qxc6 20. Qe2 h5 21. h4
Rd8 22. Bf4 e5 23. Be3 Qe4 24. Re1 a6 25. Bb6 Qxe2 26. Rxe2 Rd1+ 27. Kg2 Nd4 28.
Ne3 Ra1 29. Bxd4 exd4 30. Nd5 Rxa2 31. Nxf6+ gxf6 32. Kf3 f5 33. Kf4 a5 34. Ke5
d3 35. Rd2 a4 36. Kd4 a3 37. Kc3 axb2 38. Rxb2 Rxb2 39. Kxb2 Kg7 40. Kc3 Kf6 41.
Kxd3 Ke5 42. f3 b6 43. Kc3 f4 44. g4 hxg4 45. fxg4 f3 46. Kd2 Kf4 47. h5 Kg3 48.
h6 f2 49. h7 f1=Q 50. h8=Q Qxc4 51. Qg7 Qd5+ 52. Kc2 Qc5+ 53. Kd2 Qd6+ 54. Kc2
Qg6+ 55. Qxg6 fxg6 56. g5 Kf4 57. Kc3 Kxg5 58. Kb4 Kf4 59. Kb5 g5 60. Kxb6 g4
61. Ka7 g3 62. Kb8 g2 63. Ka8 g1=Q 64. Kb8 Qb6+ 65. Ka8 Qb5 66. Ka7 Ke5 67. Ka8
Kd6 68. Ka7 Kc7 69. Ka8 Qb7# 0-1

[Event "Olimpiade 2024 - Donne"]
[Site "Budapest"]
[Date "20.09.2024"]
[Round "9.32"]
[Board "2"]
[White "Nguyen, Thu Giang"]
[Black "Brown, Raehanna"]
[Result "0-1"]
[WhiteTitle "WFM"]
[BlackTitle "WFM"]
[WhiteElo "2068"]
[BlackElo "1910"]
[WhiteTeam "Australia"]
[BlackTeam "Jamaica"]
[WhiteFideId "12400980"]
[BlackFideId "7402740"]
[EventDate "2024.09.11"]

1. e4 c5 2. Nf3 Nc6 3. Bb5 g6 4. O-O Bg7 5. c3 e5 6. d4 cxd4 7. cxd4 exd4 8. Bf4
Nge7 9. Bd6 O-O 10. a4 h6 11. Nbd2 Re8 12. Bc4 Na5 13. Ba2 Qb6 14. e5 Qxb2 15.
Ne4 Nf5 16. Ba3 Qb6 17. g4 d5 18. Bxd5 Ne7 19. Nd6 Nxd5 20. Nxe8 Bxg4 21. Nxg7
Nc3 22. Qd3 Kxg7 23. Bd6 Bf5 24. Qd2 Be4 25. Kg2 Bxf3+ 26. Kxf3 Qc6+ 27. Kf4 g5+
28. Kg4 Qg2+ 0-1

[Event "Olimpiade 2024 - Donne"]
[Site "Budapest"]
[Date "20.09.2024"]
[Round "9.32"]
[Board "3"]
[White "Watson, Gabriella"]
[Black "Shen, Zhiyuan"]
[Result "0-1"]
[WhiteElo "1826"]
[BlackElo "1969"]
[WhiteTeam "Jamaica"]
[BlackTeam "Australia"]
[WhiteFideId "7402538"]
[BlackFideId "8608482"]
[EventDate "2024.09.11"]

1. d4 Nf6 2. Bf4 c5 3. e3 g6 4. Nc3 Bg7 5. d5 d6 6. e4 O-O 7. Qd2 Qb6 8. Rb1 Qa5
9. f3 a6 10. Bd3 b5 11. a3 Nbd7 12. Kf1 Qc7 13. Bh6 Ne5 14. h4 Nh5 15. Rh2 f5
16. Bxg7 Kxg7 17. exf5 Nxd3 18. cxd3 Bxf5 19. Nge2 c4 20. Ne4 Kg8 21. Kg1 Qb6+
22. d4 Qb7 23. N2c3 Nf6 24. Nxf6+ exf6 25. Re1 Rae8 26. g4 Rxe1+ 27. Qxe1 Bc8
28. Re2 Qa7 29. Qd2 f5 30. g5 Qf7 31. Qe3 Qg7 32. f4 Bd7 33. Qf2 Re8 34. Rxe8+
Bxe8 35. Qe3 Bd7 36. Kg2 a5 37. a4 bxa4 38. Kg3 Kf8 39. Ne2 Qf7 40. Nc3 Qg7 41.
Kf3 Be8 42. Qe6 Qxd4 43. Qxd6+ Kg8 44. Qe5 Qd3+ 45. Qe3 Qf1+ 46. Kg3 Kf8 47. d6
Qd3 48. Qxd3 cxd3 49. Kf2 Bc6 50. Ke3 Ke8 51. Kxd3 Kd7 52. Kc4 Kxd6 53. Nb5+
Bxb5+ 54. Kxb5 Kd5 55. Kxa4 Ke4 56. Kxa5 Kxf4 57. b4 Kg4 58. b5 f4 59. b6 f3 60.
b7 f2 61. b8=Q f1=Q 62. Qb4+ Qf4 63. Qe1 Kh5 64. Qe7 Kxh4 65. Qxh7+ Kxg5 66.
Qe7+ Kg4 67. Qe2+ Kh4 68. Qe1+ Kh5 69. Qh1+ Qh4 70. Qf3+ Qg4 71. Qh1+ Kg5 72.
Qc1+ Qf4 73. Qg1+ Kf5 74. Qb1+ Qe4 75. Qf1+ Ke5 76. Qf8 g5 77. Qe7+ Kf4 78. Qd8
g4 79. Qd2+ Qe3 80. Qh2+ g3 81. Qh4+ Kf3 82. Qh3 Qg5+ 83. Kb6 Kf2 84. Qh1 g2 85.
Qh2 Qg3 0-1

[Event "Olimpiade 2024 - Donne"]
[Site "Budapest"]
[Date "20.09.2024"]
[Round "9.32"]
[Board "4"]
[White "Vincent, Alaina"]
[Black "McKoy, Arielle"]
[Result "1-0"]
[WhiteTitle "WFM"]
[WhiteElo "1976"]
[BlackElo "1442"]
[WhiteTeam "Australia"]
[BlackTeam "Jamaica"]
[WhiteFideId "46608931"]
[BlackFideId "7403496"]
[EventDate "2024.09.11"]

1. e4 e5 2. Nf3 Nc6 3. Bc4 Bc5 4. c3 Nf6 5. d3 h6 6. O-O O-O 7. Re1 d6 8. a4 a6
9. b4 Ba7 10. Nbd2 Bd7 11. Nf1 b5 12. Bb3 Ne7 13. Ng3 Ng6 14. Nf5 Kh7 15. Be3
Qc8 16. Bxa7 Rxa7 17. axb5 Bxb5 18. Ba4 Bd7 19. Bxd7 Qxd7 20. Ra5 Rb8 21. Qa1
Rb6 22. Rb1 c6 23. c4 Nf4 24. Ra3 g6 25. Nxd6 Qg4 26. Ne1 Ne2+ 27. Kf1 Nd4 28.
Qa2 Kg7 29. h3 Qe6 30. c5 Qxa2 31. Rxa2 Rb8 32. Nc4 Nd7 33. Rab2 g5 34. Nf3 Nxf3
35. gxf3 h5 36. Ke2 h4 37. Ke3 f6 38. Kd2 Kf7 39. Kc3 Ke6 40. Ra1 Rbb7 41. Rba2
Nb8 42. Nd6 Rg7 43. Rd1 Rad7 44. Rad2 Rd8 45. Nf5 Rgd7 46. f4 Kf7 47. fxe5 fxe5
48. Nd6+ Ke7 49. Rg1 Kf6 50. f3 Rg7 51. Rdg2 Rdg8 52. d4 Ke6 53. Nf5 Rd7 54.
Rxg5 Rxg5 55. Rxg5 Kf6 56. Rh5 exd4+ 57. Nxd4 Rg7 58. Rxh4 Rg3 59. Rf4+ Kg5 60.
Rg4+ Rxg4 61. fxg4 Nd7 62. Nxc6 Nf6 63. Kd4 Kh4 64. e5 Nh7 65. e6 Nf6 66. Ke5
Kg5 67. h4+ Kg6 68. g5 Ne8 69. Ne7+ Kg7 70. h5 a5 71. bxa5 Kf8 72. Nf5 Ng7 73.
Nxg7 Kxg7 74. Kd6 Kf8 75. Kd7 Kg8 76. e7 Kh7 77. e8=Q Kg7 78. h6+ Kh7 79. Qf7+
Kh8 80. Qg7# 1-0

[Event "Olimpiade 2024 - Donne"]
[Site "Budapest"]
[Date "20.09.2024"]
[Round "9.33"]
[Board "1"]
[White "Castillo Beitia, Ashley Alexandra"]
[Black "Goossens, Hanne"]
[Result "1/2-1/2"]
[WhiteTitle "WFM"]
[BlackTitle "WIM"]
[WhiteElo "2071"]
[BlackElo "2189"]
[WhiteTeam "Panama"]
[BlackTeam "Belgium"]
[WhiteFideId "6606687"]
[BlackFideId "200468"]
[EventDate "2024.09.11"]

1. d4 d5 2. Bf4 c5 3. e3 Nc6 4. c3 Bf5 5. Qb3 Qd7 6. Nd2 e6 7. Ngf3 f6 8. Be2
Bg6 9. O-O c4 10. Qd1 Bd6 11. Bg3 Nge7 12. b3 cxb3 13. axb3 O-O 14. Nh4 Bf7 15.
Bd3 Ng6 16. Qb1 Nxh4 17. Bxh4 f5 18. f4 Rfc8 19. g4 g6 20. g5 Be7 21. Be1 Be8
22. h4 Bf7 23. Kg2 Bf8 24. Nf3 Bg7 25. Rh1 Qe7 26. Qd1 Qd7 27. Qb1 Qe7 28. Qd1
Qd7 29. Qe2 Qe7 30. Bd2 Bf8 31. Nh2 Bg7 32. Nf1 Qd7 33. Ng3 Bf8 34. Qf2 Rc7 35.
Be2 Be8 36. Rh2 Bg7 37. h5 gxh5 38. Bxh5 Bg6 39. Bxg6 hxg6 40. Ne2 Ne7 41. Rah1
Qb5 42. Nc1 Rac8 43. Kf3 Kf7 44. Rh7 1/2-1/2

[Event "Olimpiade 2024 - Donne"]
[Site "Budapest"]
[Date "20.09.2024"]
[Round "9.33"]
[Board "2"]
[White "Vanduyfhuys, Daria"]
[Black "Chung Hurtado, Yaleika"]
[Result "1-0"]
[WhiteTitle "WFM"]
[BlackTitle "WFM"]
[WhiteElo "2112"]
[BlackElo "1832"]
[WhiteTeam "Belgium"]
[BlackTeam "Panama"]
[WhiteFideId "246336"]
[BlackFideId "6600603"]
[EventDate "2024.09.11"]

1. d4 d5 2. c4 c6 3. Nf3 Nf6 4. Nc3 a6 5. cxd5 cxd5 6. h3 g6 7. Bf4 Nc6 8. e3
Bg7 9. Bd3 O-O 10. Ne5 Qb6 11. Qd2 e6 12. Na4 Qb4 13. Qxb4 Nxb4 14. Nb6 Ra7 15.
Ke2 Nh5 16. Bh2 Nc6 17. g4 Bxe5 18. Bxe5 Ng7 19. Bd6 Rd8 20. Bc5 Bd7 21. Nxd7
Rxd7 22. Bxa7 Nxa7 23. Rhc1 Ne8 24. Rc3 Kf8 25. b4 Ke7 26. a4 Nd6 27. h4 Kd8 28.
h5 Ke7 29. Rac1 Kd8 30. Rh1 Ke7 31. hxg6 hxg6 32. Rh7 Kf6 33. f4 Ne4 34. Bxe4
dxe4 35. g5+ Ke7 36. Rh8 Kd6 37. Rf8 Nc6 38. Rb3 Rc7 39. Rb2 Ke7 40. Rh8 Na7 41.
Kd2 b5 42. axb5 Nxb5 43. Rc2 Ra7 44. Rhc8 Kd7 45. R8c5 Nc7 46. Ra2 Nd5 47. b5 a5
48. Rc4 Nb6 49. Rc6 Nd5 50. Ra6 Rc7 51. R2xa5 Rc3 52. Ra7+ Ke8 53. Ra8+ Ke7 54.
R5a7+ Rc7 55. b6 1-0

[Event "Olimpiade 2024 - Donne"]
[Site "Budapest"]
[Date "20.09.2024"]
[Round "9.33"]
[Board "3"]
[White "Caicedo Rios, Layla Yasmira"]
[Black "De Rycke, Tyani"]
[Result "0-1"]
[BlackTitle "WFM"]
[WhiteElo "1803"]
[BlackElo "2110"]
[WhiteTeam "Panama"]
[BlackTeam "Belgium"]
[WhiteFideId "6609279"]
[BlackFideId "247936"]
[EventDate "2024.09.11"]

1. e4 c5 2. Nf3 Nc6 3. d4 cxd4 4. Nxd4 Nf6 5. Nc3 e5 6. Ndb5 d6 7. Bg5 a6 8. Na3
b5 9. Nd5 Be7 10. Bxf6 Bxf6 11. c3 O-O 12. Nc2 Rb8 13. Be2 Be7 14. O-O Be6 15.
Nce3 Bg5 16. Qc2 Ne7 17. Rfd1 Bxe3 18. Nxe3 Qb6 19. Rd2 Rfd8 20. Rad1 Rbc8 21.
Bg4 Bxg4 22. Nxg4 Qc5 23. Qd3 Ng6 24. Qg3 b4 25. Ne3 bxc3 26. Rc2 Qb4 27. Qg4 h5
28. bxc3 Rxc3 29. Qe2 Rxc2 30. Qxc2 Rb8 31. Qc4 Qxc4 32. Nxc4 Rc8 33. Ne3 Nf4
34. Rxd6 Ne2+ 35. Kf1 Nd4 36. Ke1 a5 37. Rd5 Rc1+ 38. Kd2 Ra1 39. Rxe5 0-1

[Event "Olimpiade 2024 - Donne"]
[Site "Budapest"]
[Date "20.09.2024"]
[Round "9.33"]
[Board "4"]
[White "Dierckens, Sarah"]
[Black "Carrillo Marval, Maria Angelica"]
[Result "1-0"]
[BlackTitle "WCM"]
[WhiteElo "1943"]
[BlackElo "1795"]
[WhiteTeam "Belgium"]
[BlackTeam "Panama"]
[WhiteFideId "205745"]
[BlackFideId "3911853"]
[EventDate "2024.09.11"]

1. e4 c5 2. Nf3 d6 3. d4 cxd4 4. Nxd4 Nf6 5. Nc3 g6 6. Be3 Bg7 7. f3 O-O 8. Qd2
Nc6 9. O-O-O d5 10. exd5 Nxd5 11. Nxc6 bxc6 12. Bd4 e5 13. Bc5 Be6 14. Ne4 Re8
15. h4 h6 16. g4 f5 17. gxf5 gxf5 18. Nd6 Re7 19. Rg1 Kh8 20. Bh3 Rd7 21. Rg6
Nf4 22. Rxg7 Kxg7 23. Bxf5 Rxd6 24. Bxd6 Qf6 25. Bxe6 Qxe6 26. Qe3 Kf6 27. Qc5
Re8 28. Qxc6 Ne2+ 29. Kb1 Nf4 30. Bxe5+ Kxe5 31. Re1+ Kf5 32. Rxe6 Rxe6 33. Qc5+
Kf6 34. a3 a6 35. Qf8+ Ke5 36. Qb4 Nd5 37. Qc5 Rd6 38. c4 1-0

[Event "Olimpiade 2024 - Donne"]
[Site "Budapest"]
[Date "20.09.2024"]
[Round "9.34"]
[Board "1"]
[White "Sulyok, Eszter"]
[Black "Gomez Barrera, Javiera Belen"]
[Result "0-1"]
[BlackTitle "WIM"]
[WhiteElo "2080"]
[BlackElo "2123"]
[WhiteTeam "Hungary C"]
[BlackTeam "Chile"]
[WhiteFideId "769762"]
[BlackFideId "3418723"]
[EventDate "2024.09.11"]

1. c4 g6 2. d4 Bg7 3. Nc3 Nf6 4. e4 d6 5. h3 O-O 6. Be3 a5 7. g4 a4 8. Bg2 c5 9.
Nge2 Qa5 10. O-O cxd4 11. Bxd4 Nc6 12. Nd5 Nxd4 13. Nxe7+ Kh8 14. Nxd4 Bd7 15.
Nb5 Bxb5 16. cxb5 Qxb5 17. Rb1 Rfe8 18. Nd5 Nxd5 19. Qxd5 Qxd5 20. exd5 Re2 21.
Rfe1 Rxb2 22. Rxb2 Bxb2 23. Re7 Rb8 24. Rxf7 b5 25. Ra7 Bd4 26. Ra5 Rf8 27. Rxb5
Rxf2 28. Ra5 Rxa2+ 29. Kh2 g5 30. Kg3 Bf2+ 31. Kf3 Bc5 32. Bh1 a3 33. Ke4 Rd2
34. Kf5 a2 35. Ke6 Bd4 36. Rb5 a1=Q 37. Rb8+ Kg7 38. Rb7+ Kh6 39. Be4 Bg7 40.
Bf5 Qe5+ 41. Kd7 Qxd5 42. Rc7 Rb2 43. Be6 Qb5+ 44. Ke7 Re2 45. Kf7 Qe5 46. Re7
Qf6+ 0-1

[Event "Olimpiade 2024 - Donne"]
[Site "Budapest"]
[Date "20.09.2024"]
[Round "9.34"]
[Board "2"]
[White "Abarca Gonzalez, Damaris"]
[Black "Toth, Lili"]
[Result "1/2-1/2"]
[WhiteTitle "WFM"]
[BlackTitle "WFM"]
[WhiteElo "1991"]
[BlackElo "2105"]
[WhiteTeam "Chile"]
[BlackTeam "Hungary C"]
[WhiteFideId "3409414"]
[BlackFideId "17000084"]
[EventDate "2024.09.11"]

1. e4 e5 2. Nf3 Nc6 3. Bc4 Nf6 4. d3 Bc5 5. c3 a6 6. O-O d6 7. Bb3 Ba7 8. Nbd2
O-O 9. Re1 Ng4 10. Rf1 Kh8 11. h3 f5 12. exf5 Nh6 13. g4 Nxf5 14. Ne4 Nh4 15.
Nxh4 Qxh4 16. Kg2 h6 17. Be3 Ne7 18. d4 Ng6 19. Bc2 Qe7 20. Ng3 Nh4+ 21. Kh1 Be6
22. d5 Bxe3 23. fxe3 Rxf1+ 24. Nxf1 Bg8 25. Be4 Rf8 26. Qe2 Qf6 27. Kg1 Nf3+ 28.
Bxf3 Qxf3 29. Qxf3 Rxf3 30. c4 Rxh3 31. Kg2 Rh4 32. Kg3 g5 33. Nh2 h5 34. Rf1
hxg4 35. Nxg4 Kg7 36. Rf5 Rh5 37. Rf1 Bf7 38. Nf6 Rh4 39. b3 Bg6 40. Nd7 Re4 41.
Nf8 Bh5 42. Ne6+ Kg6 43. Kf2 Rh4 44. Nxc7 Kf5 45. Kg3+ Ke4 46. c5 Kxe3 47. cxd6
Rg4+ 1/2-1/2

[Event "Olimpiade 2024 - Donne"]
[Site "Budapest"]
[Date "20.09.2024"]
[Round "9.34"]
[Board "3"]
[White "Gombocz, Zsofia"]
[Black "Morales Flores, Monserrat"]
[Result "1-0"]
[WhiteTitle "WFM"]
[BlackTitle "WCM"]
[WhiteElo "2061"]
[BlackElo "1938"]
[WhiteTeam "Hungary C"]
[BlackTeam "Chile"]
[WhiteFideId "763314"]
[BlackFideId "3412016"]
[EventDate "2024.09.11"]

1. e4 c5 2. Nf3 e6 3. b3 Nc6 4. Bb2 d6 5. d4 cxd4 6. Nxd4 Nf6 7. Bd3 Be7 8. O-O
O-O 9. Nxc6 bxc6 10. e5 dxe5 11. Bxe5 c5 12. Qe2 Bb7 13. Nc3 Qb6 14. Rad1 Qc6
15. f3 Rad8 16. Kh1 a6 17. Ne4 Nd7 18. Bb2 Nb6 19. Ng3 Nd5 20. Nh5 f6 21. Qf2
Qe8 22. Qh4 f5 23. Qg3 Qg6 24. Qe5 Rf7 25. Nf4 Qh6 26. Nxd5 Bd6 27. Bc1 Qh5 28.
Nf4 Qh4 29. Qxe6 Bxf4 30. Bxf4 Qxf4 31. Bc4 1-0

[Event "Olimpiade 2024 - Donne"]
[Site "Budapest"]
[Date "20.09.2024"]
[Round "9.34"]
[Board "4"]
[White "Romero Troncoso, Liset Anais"]
[Black "Nandin-Erdene, Davaademberel"]
[Result "1/2-1/2"]
[WhiteElo "1834"]
[BlackElo "2039"]
[WhiteTeam "Chile"]
[BlackTeam "Hungary C"]
[WhiteFideId "3426084"]
[BlackFideId "12982016"]
[EventDate "2024.09.11"]

1. e4 c6 2. d4 d5 3. exd5 cxd5 4. Bd3 Nc6 5. c3 g6 6. Bf4 Nh6 7. Nf3 Bf5 8. O-O
Bxd3 9. Qxd3 Bg7 10. Nbd2 O-O 11. Ne5 Nf5 12. Nxc6 bxc6 13. Rfe1 Qb6 14. Nb3
Rfe8 15. Qc2 Rad8 16. Re2 a5 17. Rae1 a4 18. Nc5 Bxd4 19. cxd4 Nxd4 20. Qc3
Nxe2+ 21. Rxe2 d4 22. Qa3 Qb5 23. Rd2 Rd5 24. Nxa4 e5 25. Bg3 e4 26. b3 e3 27.
fxe3 Rf5 28. Rf2 Rxf2 29. Bxf2 dxe3 30. Be1 e2 31. Qc5 Qd3 32. Nc3 Re6 33. Qf2
Re5 34. a4 c5 35. a5 Qd4 36. a6 Re7 37. a7 Qxf2+ 38. Kxf2 Rxa7 39. Nxe2 Rb7 40.
Nc1 f5 41. Ke2 Re7+ 42. Kd2 Rc7 43. Kc3 g5 44. Bf2 f4 45. Nd3 h5 46. Bxc5 g4 47.
b4 g3 48. hxg3 fxg3 49. Nf4 h4 50. Kd3 Kf7 51. Ke4 Ke8 52. Kf3 Rg7 53. b5 Kd7
54. b6 Kc6 55. Be3 Rg8 56. Ke4 Re8+ 57. Kf3 Rg8 58. Nh3 Kb7 59. Bg5 Rf8+ 60. Kg4
Rf2 61. Nf4 Kxb6 62. Bxh4 Ra2 63. Kf3 Ra3+ 64. Kg4 Ra2 65. Bf6 Ra3 66. Ne2 Ra2
67. Kf3 Ra3+ 68. Bc3 Kc5 69. Kxg3 Kc4 70. Kf3 Kd3 71. Be5 Kd2+ 72. Kf2 Ra8 73.
Bf4+ Kd3 74. Nc1+ Ke4 75. Ne2 Ra2 76. Ke1 Rxe2+ 77. Kxe2 Kxf4 78. Kf2 Kg4 79. g3
Kg5 80. Kf3 Kf5 81. g4+ Kg5 82. Kg3 Kg6 83. Kf4 Kf6 84. g5+ Kg6 85. Kg4 Kg7 86.
Kf5 Kf7 87. g6+ Kg7 88. Kg5 Kg8 89. Kh5 Kg7 1/2-1/2